Catálogo

Vista normal Vista MARC

Entrada Personal Name

Número de registros utilizados en: 1

001 - CONTROL NUMBER

  • control field: 14585

003 - CONTROL NUMBER IDENTIFIER

  • control field: DLC

005 - DATE AND TIME OF LATEST TRANSACTION

  • control field: 20230807103023.0

008 - FIXED-LENGTH DATA ELEMENTS

  • fixed length control field: 130912n| azannaabn |a aaa

010 ## - LIBRARY OF CONGRESS CONTROL NUMBER

  • LC control number: n 2013186082

035 ## - SYSTEM CONTROL NUMBER

  • System control number: (DNLM)1579906

040 ## - CATALOGING SOURCE

  • Original cataloging agency: DNLM
  • Language of cataloging: spa
  • Description conventions: rda
  • Transcribing agency: Mx-PuUPA
  • Modifying agency: Mx-PuUPA

100 1# - HEADING--PERSONAL NAME

  • Personal name: Arias Orduña, Ana Victoria,

373 ## - ASSOCIATED GROUP

  • Associated group: Universidad Nacional de Educación a Distancia (UNED), Madrid

374 ## - OCCUPATION

  • Occupation: Autor

375 ## - GENDER

  • Gender: mujer

377 ## - ASSOCIATED LANGUAGE

  • Language code: spa

400 1# - SEE FROM TRACING--PERSONAL NAME

  • Personal name: Orduña, Ana Victoria Arias

400 1# - SEE FROM TRACING--PERSONAL NAME

  • Personal name: Arias Orduña, A. V.
  • Fuller form of name: (Ana Victoria)

670 ## - SOURCE DATA FOUND

  • Source citation: Psicología social aplicada, 2013:
  • Information found: t.p. (Ana Victoria Arias Orduña; Universidad Nacional de Educación a Distancia (UNED), Madrid) cover (A.V. Arias Orduña)